Canciones 2 (Registro nro. 3475)
[ vista simple ]
| 000 -CABECERA | |
|---|---|
| Longitud fija campo de control | 01528nam a2200313Ia 4500 |
| 001 - NÚMERO DE CONTROL | |
| Número de control | 380261 |
| 003 - IDENTIFICADOR DEL NÚMERO DE CONTROL | |
| Identificador del número de control | EC-QuCCB |
| 005 - FECHA Y HORA DE LA ÚLTIMA TRANSACCIÓN | |
| Fecha y hora de la última transacción | 20260326105715.0 |
| 007 - CAMPO FIJO DE DESCRIPCIÓN FÍSICA--INFORMACIÓN GENERAL | |
| Campo fijo de descripción física | ta |
| 008 - DATOS DE LONGITUD FIJA--INFORMACIÓN GENERAL | |
| Códigos de información de longitud fija | 130917s1991 sp gr 000 0 spa d |
| 020 ## - NÚMERO INTERNACIONAL ESTÁNDAR DEL LIBRO | |
| Número Internacional Normalizado para Libros (ISBN) | 84-7517-335-7 |
| 040 ## - FUENTE DE LA CATALOGACIÓN | |
| Centro catalogador de origen | EC-QuCCB |
| 041 1# - CÓDIGO DE LENGUA | |
| Código de lengua del texto;banda sonora o título independiente | spa |
| 082 ## - NÚMERO DE LA CLASIFICACIÓN DECIMAL DEWEY | |
| Número de clasificación | 861 |
| Número de documento | A9391 |
| 100 1# - ENTRADA PRINCIPAL--NOMBRE DE PERSONA | |
| Nombre de persona | Aute, Luis Eduardo, |
| Fechas asociadas con el nombre | 1943-2020 |
| 9 (RLIN) | 791 |
| 245 10 - MENCIÓN DE TÍTULO | |
| Título | Canciones 2 |
| Mención de responsabilidad, etc. | Luis Eduardo Aute |
| 260 ## - PUBLICACIÓN, DISTRIBUCIÓN, ETC. (PIE DE IMPRENTA) | |
| Lugar de publicación, distribución, etc. | Madrid, España : |
| Nombre del editor, distribuidor, etc. | Ediciones Hiperión, |
| Fecha de publicación, distribución, etc. | 1991 |
| 300 ## - DESCRIPCIÓN FÍSICA | |
| Extensión | 58 páginas ; |
| Dimensiones | 20 cm |
| 336 ## - TIPO DE CONTENIDO | |
| Content type term | texto |
| Content type code | txt |
| 337 ## - TIPO DE MEDIO | |
| Media type term | no mediado |
| Media type code | n |
| 338 ## - TIPO DE PORTADOR | |
| Carrier type term | volumen |
| Carrier type code | nc |
| 490 ## - MENCIÓN DE SERIE | |
| Mención de serie | Hiperión. Poesía ; |
| Número de volumen/designación secuencial | número 71 |
| 505 ## - NOTA DE CONTENIDO CON FORMATO | |
| Nota de contenido con formato preestablecido | Segundos fuera -- Cómo te atreves -- Volver a verte -- Va como va -- Déjalo ya -- La belleza -- Todo es mentira -- Segundos fuera -- La guerra que vendrá -- Vaya faena -- ¡UFFF! --Polvo enamorado -- El Gorrión -- La decadencia -- ¡Ufff! -- No sé vivir sin ti -- Light-Motiv -- No digas nunca jamás -- No tengo ningunas ganas -- Siglo XXI -- Discografía |
| 520 ## - SUMARIO, ETC. | |
| Sumario, etc, | Este volumen de Canciones 2 no pretende otra cosa que ir reuniendo los nuevos trabajos de Aute, sin modificar por ello el primer tomo publicado, que muchos lectores ya poseen. Y si en esta primera edición no incluye otras canciones que las de sus últimos discos Segundos fuera (1989) y íUfff! (1991), esperamos verlo crecer en sucesivas entregas, con los futuros trabajos de su autor. |
| 590 ## - NOTA LOCAL (RLIN) | |
| Nota local | bgg |
| 650 #4 - PUNTO DE ACCESO ADICIONAL DE MATERIA--TÉRMINO DE MATERIA | |
| Nombre de materia o nombre geográfico como elemento de entrada | Poesía española |
| 9 (RLIN) | 15041 |
| Nombre de materia o nombre geográfico como elemento de entrada | Literatura española |
| 942 ## - ELEMENTOS DE PUNTO DE ACCESO ADICIONAL (KOHA) | |
| Fuente de clasificaión o esquema | Dewey Decimal Classification |
| Koha [por defecto] tipo de item | Monografía |
| Suprimido | Perdido | Fuente de clasificación o esquema | Estropeado | Restricciones de uso | No se presta | Koha Colección | Localización (Biblioteca) | Localización actual | Localización en estanterías | Fecha adquisición | Préstamos totales | Clasificación completa | Designación de pieza (código de barras) | Fecha última consulta | Número de ejemplar | Fecha del precio de reemplazo | Tipo de item de Koha |
|---|---|---|---|---|---|---|---|---|---|---|---|---|---|---|---|---|---|
| Disponible | Dewey Decimal Classification | Sin daños | Sin restricciones de uso | Disponible para préstamo | LENGUAS y LITERATURA | Biblioteca y Archivo de la CCE | Biblioteca y Archivo de la CCE | LENGUAS y LITERATURA | 16/02/2012 | 861 A9391 | 0014866 | 17/09/2013 | Ej. 1 | 17/09/2013 | Monografía |























